| 000 | 00000nam##2200000za#4500 |
| 001 | 9.597892 |
| 003 | CaOODSP |
| 005 | 20210624204253 |
| 007 | cr ||||||||||| |
| 008 | 150406|2004||||xxc|||||o f|0| 0 fre|d |
| 040 | |aCaOODSP|bfre |
| 043 | |an-cn--- |
| 086 | 1 |aTU3-5/04-40F-PDF |
| 110 | 2 |aBureau de la sécurité des transports du Canada. |
| 245 | 10|aÉcart de navigation du Beech King Air C90A C-FGXH exploité par le ministère des Transports du Gouvernement du Canada à Edmonton (Alberta), le 10 septembre 2004 |h[ressource électronique] |
| 260 | |aGatineau - Québec : |bBureau de la sécurité des transports du Canada |c[2005]. |
| 300 | |a11p.|bfigure, ill., références |
| 490 | 1 |aRapport d'enquête aéronautique |vA04W0200 |
| 590 | |a10-05-Supp|b2010-07-20 |
| 691 | 07|aAccident d'avion|2gcpds |
| 775 | 08|tNavigation deviation - Government of Canada Department of Transport Beech King Air C90A C-FGXH, Edmonton, Alberta, 10 September 2004 |w(CaOODSP)9.566385 |
| 830 | #0|aRapport d'enquête aéronautique ;|vA04W0200|w(CaOODSP)9.501229 |
| 856 | 40|ahttp://publications.gc.ca|qPDF|s210 Ko|uhttps://publications.gc.ca/collections/collection_2009/bst-tsb/TU3-5-04-40F.pdf|yA04W0200 |